| 000 | 00753nam a2200229 a 4500 | ||
|---|---|---|---|
| 003 | MX-MxUPN | ||
| 005 | 20220725142445.0 | ||
| 008 | 991125s1961 mx a r 000 0 spa d | ||
| 035 | _aUPN01000026067 | ||
| 040 |
_aMX-MxUPN _bspa _cMX-MxUPN |
||
| 041 | 0 | _aspa | |
| 049 | _aLT | ||
| 050 | 4 |
_aLB1653 M6 _bH4.3 |
|
| 100 | 1 |
_aHernández P., Jaime _945365 |
|
| 245 | 1 | 0 |
_aGeografía física y humana / _cJaime Hernández P. |
| 260 |
_aMéxico : _bEsfinge, _c1961. |
||
| 300 |
_a250 p. : _bil. |
||
| 500 | _a"Desarrollo de los nuevos programas oficiales vigentes en las escuelas secundarias" | ||
| 650 | 4 |
_aGeografía física _xEstudio y enseñanza (Secundaria) _921662 |
|
| 650 | 4 |
_aGEOGRAFIA HUMANA - _xESTUDIO Y ENSEÑANZA (SECUNDARIA) |
|
| 905 | _aLibro | ||
| 999 |
_c26067 _d26067 |
||